000 00237nam a22000857a 4500
008 161126b xxu||||| |||| 00| 0 eng d
100 _91459
_aYoung Learners
245 _aSpleeping Beauty
260 _aNew Delhi
_bYoung Learners publication
_c2011
999 _c4182
_d4182